[Event "27th Seacost Trophy 2017"]
[Site "Eforie Nord"]
[Date "2017.06.27"]
[Round "9"]
[White "Istratescu, Andrei"]
[Black "Ileana, George"]
[Result "1-0"]
[WhiteElo "2593"]
[BlackElo "2212"]
[Annotator "TA"]
[PlyCount "75"]
[EventDate "2017.??.??"]
[EventType "swiss"]
[EventCountry "ROU"]
[SourceTitle "playchess.com"]
[Source "ChessBase"]
[SourceQuality "1"]

{[%evp 18,75,29,18,34,29,15,25,81,87,97,87,141,124,104,102,108,104,127,74,94,79,90,88,91,89,136,100,82,74,313,0,283,283,277,259,360,376,378,377,375,375,375,356,335,297,1008,967,752,752,12829,12830,12823,12825,12834,12835,12839,12839,12841,12842]} 1. d4 Nf6 2. c4 e6 3. Nf3 c5 4. d5 d6 5. Nc3 exd5 6. cxd5 g6 7. Nd2 Bg7 8. Nc4 O-O 9. Bf4 Ne8 10. Qd2 {LiveBook: 36 Games} Bxc3 {A61: Modern Benoni: Nf3 without early e4} (10... f5 11. h4 Bf6 12. g3 b6 13. a4 Ba6 14. Nb5 Nd7 15. Bg2 Ne5 16. Bxe5 Bxe5 17. Nxe5 dxe5 18. d6 e4 19. Rd1 Bxb5 20. axb5 Nf6 21. b4 {½-½ (21) Zubov,A (2604)-Nagy,G (2446) Zalakaros 2017}) 11. Qxc3 {Hoping for Bh6.} b5 12. Nd2 $1 f6 (12... Nf6 $11) 13. e4 $16 a6 $146 ({Predecessor:} 13... b4 14. Qg3 Qe7 15. Bc4 Nd7 16. O-O Ne5 17. Rfe1 Nc7 18. Qe3 {1-0 (44) Kozma,J-Sandor,B Bratislava 1957}) 14. a4 b4 (14... bxa4 $142 15. Be2 (15. Rxa4 Nd7 $16) 15... Bd7) 15. Qg3 Qe7 16. Bd3 a5 17. Bb5 Bd7 18. O-O (18. Be2 $142) 18... Bxb5 19. axb5 Nd7 20. Nc4 {[%cal Bd2c4,Bc4a5,Ba5c6][%mdl 32]} Qxe4 21. Nxa5 Ne5 22. Nc6 Rxa1 23. Rxa1 Nc7 $2 {[#]} (23... Rf7 $16 {was worth a try.}) 24. f3 $2 (24. Bxe5 $18 fxe5 25. b6) 24... Qd3 $2 {[%mdl 8192]} (24... Qc2 $11 25. Bxe5 dxe5) 25. b6 Nxd5 26. Bxe5 fxe5 27. b7 Qb5 28. b8=Q Rxb8 29. Nxb8 Qxb8 $18 {[%mdl 4096] Endgame KQR-KQN} 30. Qg4 Nc7 31. Qd7 Qb6 $2 {[#]} (31... c4 32. Qxd6 c3 33. bxc3 bxc3) 32. f4 $1 {[%mdl 512] White is clearly winning.} c4+ (32... exf4 33. Re1) 33. Kh1 e4 34. f5 {White threatens f6 and mate.} gxf5 35. Rf1 Qa5 36. h3 c3 37. bxc3 bxc3 38. Rxf5 {Precision: White = 88%, Black = 39%.} 1-0

[Event "27th Seacost Trophy 2017"]
[Site "Eforie Nord"]
[Date "2017.06.27"]
[Round "9"]
[White "Kharitonov, Alexandr"]
[Black "Bulmaga, Irina"]
[Result "1-0"]
[WhiteElo "2547"]
[BlackElo "2415"]
[Annotator "TA"]
[PlyCount "87"]
[EventDate "2017.??.??"]
[EventType "swiss"]
[EventCountry "ROU"]
[SourceTitle "playchess.com"]
[Source "ChessBase"]
[SourceQuality "1"]

{[%evp 16,87,0,0,14,20,3,3,21,0,21,11,9,8,0,8,18,0,23,0,18,15,21,25,16,0,0,0,0,0,0,0,0,3,108,-53,64,58,64,72,70,75,66,76,72,10,381,381,451,437,482,456,549,445,418,377,369,362,352,334,555,543,654,580,765,467,620,597,778,771,756,749,682,693]} 1. d4 Nf6 2. c4 e6 3. Nc3 Bb4 4. Qc2 O-O 5. a3 Bxc3+ 6. Qxc3 d5 7. e3 b6 8. Nf3 Bb7 9. b3 Nbd7 {E32: Nimzo-Indian: Classical (4 Qc2): 4...0-0} 10. Be2 c5 11. O-O Rc8 {The position is equal.} (11... Ne4 $5 {[%cal Re4c3]} 12. Qd3 dxc4 13. bxc4 Rc8 $11) 12. a4 Ne4 (12... Qc7 13. Rd1 dxc4 14. bxc4 Bxf3 15. gxf3 cxd4 16. exd4 Rfd8 17. f4 {½-½ (50) Ponomariov,R (2714)-Leko,P (2723) Beijing 2014}) 13. Qc2 cxd4 14. exd4 dxc4 $146 ({Predecessor:} 14... Ndf6 15. Bd3 h6 16. Ba3 Re8 17. Rfe1 {0-1 (52) Englund,J (1939)-Frydendal,O (1839) ICCF email 2010}) 15. bxc4 Qc7 16. Ba3 (16. a5 $5) 16... Rfe8 17. Rac1 h6 18. Rfe1 Nef6 19. Qb3 Ng4 {Threatening ...Bxf3.} 20. h3 Bxf3 21. Bxf3 Qh2+ 22. Kf1 Ngf6 23. Bb7 $36 {[%mdl 2048] White has some pressure.} Rc7 24. Qf3 Nh5 (24... Nb8 $11) 25. Ke2 $2 ({White should try} 25. Ba6 $16 g6 26. g4) 25... Qf4 (25... Ndf6 $15 26. Rh1 Qf4 27. Qxf4 Nxf4+ 28. Ke3 e5) 26. g4 Qxf3+ $1 ({Of course not} 26... Qxd4 27. gxh5 Nc5 28. Bxc5 $16) 27. Bxf3 {[#] Hoping for Bd6.} Nf4+ 28. Ke3 {Bd6 is the strong threat.} e5 29. Bd6 Rcc8 30. dxe5 (30. Bb7 $16) 30... Nxe5 $2 {[%mdl 8192]} (30... g5 $1 $11) 31. Bxe5 $18 Nxh3 32. Kd4 Nxf2 33. Kc3 Nh3 34. Bg3 Ng5 35. Bd5 Red8 {White must now prevent ...Rxd5.} 36. Kb3 Rd7 37. Rc3 a6 $2 (37... Nh7 {might work better.} 38. Be5 Re7) 38. Rce3 {White is clearly winning.} Kf8 39. Kb4 Nh7 40. Be5 Ng5 41. Bf4 Nh7 {[#]} 42. Bc6 $1 {[%mdl 512]} Rdd8 (42... Rxc6 43. Re8#) 43. Bd6+ Kg8 44. Bb7 {Precision: White = 65%, Black = 39%.} 1-0

[Event "27th Seacost Trophy 2017"]
[Site "Eforie Nord"]
[Date "2017.06.27"]
[Round "9"]
[White "Nevednichy, Vladislav"]
[Black "Maximov, Oleg"]
[Result "1-0"]
[WhiteElo "2533"]
[BlackElo "2237"]
[Annotator "TA"]
[PlyCount "53"]
[EventDate "2017.??.??"]
[EventType "swiss"]
[EventCountry "ROU"]
[SourceTitle "playchess.com"]
[Source "ChessBase"]
[SourceQuality "1"]

{[%evp 9,53,50,95,75,87,-27,-28,-17,-17,-101,-17,-11,-17,-23,-30,-25,-16,-116,-133,-127,-112,-103,-91,-74,-97,-106,-83,-88,-79,-86,-92,-92,3,5,24,-16,45,64,283,290,279,272,338,330,316,303]} 1. c4 Nf6 2. Nc3 d6 3. d4 e5 4. Nf3 e4 5. Ng5 Qe7 6. Qc2 {[%cal Rg5e4] A54: Old Indian Defence with Nf3, but without e4} Nc6 7. Nd5 (7. d5 $16 Nd4 8. Qb1) 7... Nxd4 $11 8. Qa4+ {Black has an edge.} Bd7 9. Nxc7+ Kd8 10. Qd1 $1 Kxc7 11. Qxd4 h6 12. Nh3 g5 $36 {[%mdl 2048] Black has the initiative.} 13. f4 $146 (13. Ng1 $11 {keeps the balance.}) ({Predecessor:} 13. Be3 Bg7 {0-1 (30) Mamedjarova,Z (2351)-Savchenko,B (2648) Gjovik 2008}) 13... exf3 $17 14. gxf3 Bg7 15. Qe3 Rhe8 16. Qxe7 Rxe7 17. Bd2 Bc6 {aiming for ...Bxf3.} 18. O-O-O Nd7 19. Rg1 f5 20. Nf2 a5 {[#]} (20... Ne5 $17 21. b3 Ng6) 21. h4 $1 $11 {[%cal Rh4g5][%mdl 512]} gxh4 22. Nd3 (22. Bf4 $5 {[%cal Rf4d6]} Be5 23. Nd3 $11) 22... Nb6 (22... Ne5 $11 23. Nxe5 Bxe5) 23. c5 $14 Nd5 $2 {[#]} (23... Nc4 $14) 24. e4 $1 $18 {[%mdl 512] White has a decisive advantage.} fxe4 25. fxe4 Bd4 26. cxd6+ ({Don't play} 26. exd5 Bxg1 27. cxd6+ (27. dxc6 dxc5 28. Bf4+ Kb6 $18) 27... Kxd6 $18) 26... Kxd6 27. Rg6+ {Precision: White = 66%, Black = 48%.} ({But not} 27. exd5 Bxg1 28. dxc6 Bd4 $18) 1-0

[Event "27th Seacost Trophy 2017"]
[Site "Eforie Nord"]
[Date "2017.06.27"]
[Round "9"]
[White "Nanu, Costica-Ciprian"]
[Black "Soltanici, Ruslan"]
[Result "1/2-1/2"]
[WhiteElo "2509"]
[BlackElo "2393"]
[Annotator "TA"]
[PlyCount "66"]
[EventDate "2017.??.??"]
[EventType "swiss"]
[EventCountry "ROU"]
[SourceTitle "playchess.com"]
[Source "ChessBase"]
[SourceQuality "1"]

{[%evp 12,66,22,22,22,10,21,14,10,13,19,18,18,22,40,-24,21,21,18,14,17,17,41,-26,12,-27,-45,-28,-47,-97,-108,-175,-175,-179,-171,-166,-175,-173,-170,-160,-86,-162,-160,-148,-73,-190,-115,-102,-93,-105,-7,-121,-53,-60,-43,-37,-24]} 1. d4 Nf6 2. Nf3 e6 3. c4 b6 4. Nc3 Bb7 5. a3 g6 6. Bg5 {[%cal Bc1g5,Bg5h4,Bh4g3][%mdl 32]} Bg7 7. e3 {[%cal Be2e3,Be3e4][%mdl 32]} h6 {E12: Queen's Indian: Unusual White 4th moves, 4 a3, 4 Nc3 Bb7 5 a3 and 4 Nc3 Bb7} 8. Bh4 O-O (8... d6 9. h3 Nbd7 10. Be2 a6 11. O-O O-O 12. b4 Qe7 13. Rc1 Rfd8 14. d5 {1-0 (26) Short,N (2675)-Bellin,R (2353) Caleta 2017}) 9. Be2 Nc6 $146 {The position is equal.} ({Predecessor:} 9... g5 10. Bg3 Nh5 11. O-O d6 12. Nd2 Nxg3 13. hxg3 c5 14. Bf3 {0-1 (35) Slipak,S (2436)-Flores,D (2568) Buenos Aires 2015}) 10. d5 Ne7 11. e4 g5 12. Bg3 Ng6 13. Nd2 ({White should try} 13. Qc2 $14) 13... d6 14. O-O Qe7 15. Re1 Nd7 {[%cal Bf6d7,Bd7e5,Be5f3][%mdl 32]} 16. Qc2 c5 17. Bf1 (17. a4 $14) 17... Nde5 18. f3 h5 19. Bf2 g4 20. Ne2 Qf6 {[%cal Rg4f3]} 21. Qc3 (21. Nc3 $17) 21... gxf3 $19 22. Nxf3 Nxf3+ 23. Qxf3 Qxf3 ({Don't play} 23... Qxb2 24. Rab1 $15) 24. gxf3 Ne5 25. Kg2 exd5 (25... Nd3 $142 26. Nc3 Nxe1+ 27. Rxe1 Kh8) 26. cxd5 (26. exd5 $17 Nd3 27. Reb1) 26... Nd3 27. Bg3 Rad8 (27... Nxe1+ $142 28. Rxe1 Bxb2 29. Bxd6 Rfd8) 28. Nf4 (28. Reb1 $17 {keeps fighting.}) 28... Nxf4+ ({Worse is} 28... Nxb2 29. Bh4 $14) (28... Nxe1+ $19 29. Rxe1 Bxb2 30. Nxh5 Kh8) 29. Bxf4 $17 Bxb2 30. Ra2 Be5 (30... Bc3 $17 31. Rc1 Bg7) 31. Bh6 (31. Bxe5 $11 dxe5 32. a4) 31... Bg7 (31... Rfe8 $17 32. Bb5 Re7) 32. Bg5 $15 f6 33. Bh4 $1 Bh6 {Precision: White = 36%, Black = 44%.} 1/2-1/2

[Event "27th Seacost Trophy 2017"]
[Site "Eforie Nord"]
[Date "2017.06.27"]
[Round "9"]
[White "Itkis, Boris"]
[Black "Schitco, Ivan"]
[Result "1/2-1/2"]
[WhiteElo "2371"]
[BlackElo "2091"]
[Annotator "TA"]
[PlyCount "43"]
[EventDate "2017.??.??"]
[EventType "swiss"]
[EventCountry "ROU"]
[SourceTitle "playchess.com"]
[Source "ChessBase"]
[SourceQuality "1"]

{[%evp 15,18,-15,-11,8,3]} 1. e4 c6 2. d4 d5 3. Nd2 dxe4 4. Nxe4 Bf5 5. Ng3 Bg6 6. h4 h6 7. Nf3 Nd7 8. h5 Bh7 9. Bd3 {B19: Classical Caro-Kann: 4...Bf5 main line} Bxd3 {Predecessor:} 10. Qxd3 $146 e6 11. Bd2 Ngf6 12. O-O-O Be7 13. Kb1 O-O 14. Ne4 Nxe4 15. Qxe4 Nf6 16. Qe2 Qd5 17. Ne5 Qe4 18. Qxe4 Nxe4 19. Be3 Rfd8 20. g4 c5 21. f3 cxd4 22. Bxd4 {½-½ (30) Lenic,L (2640)-Ragger,M (2700) Austria 2017} 1/2-1/2

[Event "27th Seacost Trophy 2017"]
[Site "Eforie Nord"]
[Date "2017.06.27"]
[Round "9"]
[White "Petre, Nad-Titus"]
[Black "Murariu, Andrei"]
[Result "1/2-1/2"]
[WhiteElo "2334"]
[BlackElo "2504"]
[Annotator "TA"]
[PlyCount "78"]
[EventDate "2017.??.??"]
[EventType "swiss"]
[EventCountry "ROU"]
[SourceTitle "playchess.com"]
[Source "ChessBase"]
[SourceQuality "1"]

{[%evp 21,78,-22,-12,-8,0,0,0,0,0,-20,-23,-26,-26,-27,-8,-64,-41,-83,-70,-112,-126,-147,52,-43,-50,-51,-44,-39,-43,-54,-48,-54,-37,-41,0,-65,0,0,31,13,51,0,0,0,183,94,101,47,47,50,148,77,123,50,50,0,101,0,42]} 1. Nf3 d5 2. b3 Nf6 3. Bb2 Bf5 4. d3 h6 5. g3 e6 6. Bg2 Be7 7. Nbd2 O-O 8. c4 c6 9. O-O Nbd7 10. a3 a5 11. Qb1 {A12: English Opening: 1...c6 with b3 by White} Bh7 {LiveBook: 5 Games} 12. b4 Re8 $146 ({Predecessor:} 12... axb4 13. axb4 Qb6 14. Bc3 Rxa1 15. Qxa1 Bxb4 16. Bxb4 Qxb4 17. Rb1 Qd6 18. Rxb7 e5 {1-0 (33) Rapport,R (2702)-Carlsen,M (2840) Wijk aan Zee 2017}) 13. Bc3 dxc4 14. Nxc4 {[%cal Rb4a5]} Nd5 15. Bd4 axb4 16. axb4 Nxb4 17. Qb2 {And now Rxa8 would win.} f6 18. Qb3 (18. Be3 $11) 18... Bf8 19. Be3 b5 20. Na3 {Black should prevent Nd4.} Nd5 21. Nd4 Nb8 $2 (21... Nc5 $17 22. Qb2 Qd6) 22. Nac2 ({White should try} 22. Naxb5 $1 $14 Rxa1 23. Rxa1) 22... Rxa1 $15 23. Rxa1 Qd7 ({Don't play} 23... Nxe3 $6 24. Nxe6 Qe7 25. Nxf8+ Kh8 26. Nxe3 $16) 24. Bh3 f5 25. Bc1 Kh8 26. Nf3 Qc7 27. Ne3 b4 28. Bb2 (28. Nc4 $11) 28... Nd7 (28... Nxe3 $15 29. fxe3 Nd7) 29. Nc4 $11 c5 30. Bg2 N5b6 31. Nxb6 (31. Nfe5 $14) 31... Nxb6 32. Ne5 Nd7 $2 (32... Bg8 $11 {and Black is okay.}) 33. Qa4 (33. Bc6 $18 c4 34. dxc4) 33... Nf6 $16 {[#]} 34. Bc6 (34. Qc6 $1 $16 {[%cal Rc6c7]} Qxc6 35. Bxc6) 34... Rc8 $1 $14 {Threatens to win with ...Bd6.} 35. Qa6 {[%mdl 1024] Black must now prevent Bd7! White has compensation.} Rb8 (35... Bg8 $14) 36. f4 (36. Qc4 $142) 36... Rb6 37. Qa8 (37. Qa5 $16) 37... Rb8 38. Qa6 (38. Qa5 $14 Bd6 39. Qxc7 Bxc7 40. Nf7+ Kg8 {[#]} 41. Nxh6+ $1 {[%mdl 512]} gxh6 42. Bxf6) 38... Rb6 $16 39. Qa8 (39. Qa7 $16 Qxa7 40. Rxa7) 39... Rb8 {Precision: White = 40%, Black = 36%.} 1/2-1/2

[Event "27th Seacost Trophy 2017"]
[Site "Eforie Nord"]
[Date "2017.06.27"]
[Round "9"]
[White "Bonte, Andrei-Mihai"]
[Black "Peptan, Corina-Isabela"]
[Result "1-0"]
[WhiteElo "2310"]
[BlackElo "2403"]
[Annotator "TA"]
[PlyCount "81"]
[EventDate "2017.??.??"]
[EventType "swiss"]
[EventCountry "ROU"]
[SourceTitle "playchess.com"]
[Source "ChessBase"]
[SourceQuality "1"]

{[%evp 17,81,12,39,0,64,43,78,28,44,-56,39,35,47,39,43,0,64,54,82,23,32,32,25,24,39,33,61,0,0,0,0,0,0,0,0,0,0,0,0,0,10,7,55,16,21,22,82,83,82,88,86,35,195,9,5,11,21,21,9,0,0,0,0,0,16,0]} 1. Nf3 Nf6 2. c4 b6 3. g3 Bb7 4. Bg2 c5 5. O-O g6 6. d4 cxd4 7. Nxd4 Bxg2 8. Kxg2 Bg7 9. Nc3 Qc8 10. e4 {A30: Symmetrical English: Double Fianchetto and Hedgehog} (10. b3 Qb7+ 11. Kg1 O-O 12. Bb2 Rd8 13. Nf3 Na6 14. Nd5 Nxd5 15. Bxg7 Ne3 16. Qd2 Kxg7 17. Qxe3 d5 18. Rac1 Nc5 19. h4 h5 20. b4 {½-½ (48) Radjabov,T (2724)-Vachier Lagrave,M (2762) Dubai 2014}) 10... d6 (10... Qxc4 $11 11. e5 Nd5) 11. Bg5 $146 ({Predecessor:} 11. Be3 O-O 12. Rc1 Qb7 13. Nd5 Re8 14. Nb5 Na6 15. Bd4 Nxd5 16. cxd5 Rac8 17. Bxg7 Kxg7 {1-0 (36) Boruchovsky,A (2517)-Papp,G (2594) Zalakaros 2015}) 11... Nbd7 {[%cal Bb8d7,Bd7c5,Bc5d3][%mdl 32]} 12. Nd5 {White is better.} h6 13. Bf4 (13. Bxf6 $14 Nxf6 14. Qd3) 13... Nxd5 (13... Kf8 $1 $15 14. Be3 Nxe4) 14. cxd5 $14 Qc4 15. Be3 Nc5 16. Rc1 Qd3 (16... Qxa2 $11 17. b4 Nxe4) 17. Qxd3 Nxd3 18. Rc2 (18. Rc7 $16) 18... Kd7 $11 19. Rd1 Nc5 20. f3 a5 21. Nc6 e6 22. b4 ({White should play} 22. Nd4 $14) 22... axb4 23. Nxb4 Ra4 24. dxe6+ fxe6 25. a3 Rxa3 26. Bf4 e5 27. Bc1 Ra1 28. Rcd2 Nb7 29. Nd5 $36 {[%mdl 2048] White fights for an advantage.} Rb1 (29... Ke6 $5 {[%cal Rh8c8]} 30. Nxb6 Rb8 $14) 30. Bb2 (30. Ba3 $5 {[%cal Rd1b1]} Rxd1 31. Rxd1 $14) 30... Rxd1 31. Rxd1 b5 (31... Rb8 $11) 32. Ra1 $16 {[%mdl 1024] White has strong compensation.} Rb8 33. Ra7 Bf8 34. Bc3 (34. Kf1 $16) 34... Be7 $2 {[#]} ({Black should try} 34... Ke6 $1 $14) 35. g4 $2 ({White must play} 35. Nb4 $1 $18) 35... Bd8 $1 $11 {The position is equal.} 36. Bd2 h5 37. gxh5 gxh5 38. Be3 Ke6 39. Nb4 {Na6 is the strong threat.} Na5 40. Rh7 Nc4 41. Bf2 {[%mdl 32768] Precision: White = 33%, Black = 40%. . Loss on Time!?} 1-0

[Event "27th Seacost Trophy 2017"]
[Site "Eforie Nord"]
[Date "2017.06.27"]
[Round "9"]
[White "Antonica, Dragos-Andrei"]
[Black "Manolache, Marius"]
[Result "0-1"]
[WhiteElo "2133"]
[BlackElo "2507"]
[Annotator "TA"]
[PlyCount "66"]
[EventDate "2017.??.??"]
[EventType "swiss"]
[EventCountry "ROU"]
[SourceTitle "playchess.com"]
[Source "ChessBase"]
[SourceQuality "1"]

{[%evp 9,66,25,33,25,43,34,50,21,53,22,40,24,12,27,91,76,93,22,40,43,56,-20,0,-72,0,-17,0,0,0,0,-8,-26,-12,-113,-104,-127,-139,-137,-134,-143,-158,-260,-241,-488,-475,-487,-472,-516,-507,-541,-509,-847,-821,-1076,-1063,-998,-971,-937,-897]} 1. d4 g6 2. g3 Bg7 3. Bg2 d6 4. Nf3 Nf6 5. O-O c6 (5... O-O 6. c4 Bf5 7. Nc3 Ne4 8. Bd2 Nc6 9. Nxe4 Bxe4 10. Bc3 d5 11. Qb3 dxc4 12. Qxc4 Qd7 13. Rfd1 Rfd8 14. d5 Bxd5 15. Qh4 Qf5 16. Rxd5 Rxd5 {½-½ (69) Mamedyarov,S (2746)-Caruana,F (2804) Shamkir 2016}) 6. b3 {[%cal Bb2b3,Bb3b4][%mdl 32] A49: 1 d4 Nf6 2 Nf3 g6 3 g3: Anti-King's Indian systems} a5 7. c4 $146 ({Predecessor:} 7. a4 Na6 8. Nbd2 Bf5 9. Nh4 Be6 10. e4 O-O 11. Bb2 d5 12. e5 Ng4 13. Qe2 {1-0 (49) Panchenko,A (2390)-Kundrak,G (2229) Miskolc 2002}) 7... a4 8. Bb2 {White is slightly better.} Nbd7 9. b4 Nb6 10. Nbd2 a3 11. Bc1 c5 (11... O-O $11 {remains equal.}) 12. bxc5 $16 dxc5 13. Qb3 (13. dxc5 $6 Nfd7 $11) (13. e3 $1 $16) 13... cxd4 $11 14. Bxa3 Na4 15. Qb4 (15. Rae1 $14) 15... Nd7 16. Ne4 (16. Nb3 $11) 16... O-O (16... f5 $17 17. Neg5 Nac5) 17. Rad1 $1 ({Avoid the trap} 17. Qxe7 $2 Qxe7 18. Bxe7 Re8 $19) 17... e5 {With the idea ...f5.} 18. e3 {[%cal Re3d4]} f5 19. Neg5 {[%cal Re3d4]} Ndc5 {Hoping for ...d3.} 20. exd4 exd4 21. Qd2 (21. Rfe1 $11) 21... h6 $17 22. Bxc5 Nxc5 {[%cal Ba4c5,Bc5e4,Be4c3][%mdl 32]} 23. Nh3 {[%cal Rf3d4] [#]} Ne4 $1 {[%cal Re4d2]} 24. Qd3 Nc3 ({Don't play} 24... Rxa2 25. Nf4 $15) 25. Rd2 {[#]} (25. Nf4 $17) 25... g5 $1 $19 ({Not} 25... Rxa2 26. Rxa2 Nxa2 27. Nf4 $17) 26. Nxd4 $2 (26. Re1 {might work better.} g4 27. Nxd4 gxh3 28. Bxh3 Rxa2 29. Qxc3 Rxd2 30. Qxd2 Qxd4 31. Qc1) 26... Qxd4 {Black is clearly winning.} 27. Qxd4 Bxd4 28. Re1 Bf6 29. f4 {[#]} Ne4 $1 30. Bxe4 (30. Rde2 $142) 30... fxe4 31. Nf2 Bc3 32. Nxe4 Bxd2 33. Nxd2 gxf4 {Precision: White = 28%, Black = 48%.} 0-1

[Event "27th Seacost Trophy 2017"]
[Site "Eforie Nord"]
[Date "2017.06.27"]
[Round "9"]
[White "Neagu, Liviu"]
[Black "Patrascu, Catalin-Lucian"]
[Result "1-0"]
[WhiteElo "2004"]
[BlackElo "2253"]
[Annotator "TA"]
[PlyCount "113"]
[EventDate "2017.??.??"]
[EventType "swiss"]
[EventCountry "ROU"]
[SourceTitle "playchess.com"]
[Source "ChessBase"]
[SourceQuality "1"]

{[%evp 31,113,12,19,0,0,-13,-22,-14,-4,-12,0,-41,2,-87,-88,-104,-47,-87,-69,-75,-53,-52,-54,-57,-43,-73,-68,-61,-50,-83,-10,-11,39,27,46,43,42,29,60,-12,-7,-15,-5,-31,-27,-40,-26,-23,-23,-55,-57,-61,-37,-27,-27,-50,0,-30,0,0,0,0,0,0,0,-14,0,0,0,0,0,0,0,0,0,0,0,0,1190,1016,12837,12837,12837,6664]} 1. e4 e5 2. Nf3 Nc6 3. Bb5 a6 4. Ba4 Nf6 5. O-O Be7 6. Re1 b5 7. Bb3 d6 8. c3 O-O 9. h3 Bb7 10. d4 Re8 11. Ng5 Rf8 12. Nf3 Nd7 13. Nbd2 Re8 {C92: Closed Ruy Lopez: 9...Be6, Karpov and Flohr-Zaitsev Variations} 14. Nf1 exd4 15. cxd4 Na5 16. Bc2 Bf6 {LiveBook: 140 Games} 17. a4 (17. Ng3 g6 18. Bh6 Nc4 19. b3 Ncb6 20. a4 bxa4 21. bxa4 a5 22. Rb1 c5 23. Bf4 d5 24. e5 Bg7 25. Ng5 cxd4 26. Nf5 Nc5 27. e6 {1-0 (25) Navara,D (2739)-Svetushkin,D (2573) Minsk 2017}) 17... c5 18. Ng3 g6 $1 19. Bf4 cxd4 20. Nxd4 $146 ({Predecessor:} 20. axb5 axb5 21. b4 {0-1 (38) Teclaf,P (2247)-Esipenko,A (2490) Prague 2016}) 20... Qb6 21. Nf3 (21. Ndf5 $5) 21... Rac8 22. Re2 (22. axb5 $11 axb5 23. Ra2) 22... Nc4 $36 {[%mdl 2048] Black is on the roll.} 23. Rb1 Nde5 (23... Nxb2 $17 24. Qxd6 Qxd6 25. Bxd6 Nc4) 24. Bxe5 dxe5 25. axb5 axb5 (25... Red8 $5 {[%cal Rd8d1]} 26. Bd3 axb5 $17) 26. Bb3 Red8 27. Qe1 Rd7 28. Rd1 Rxd1 29. Qxd1 Rd8 30. Qc1 {[#]} Qa5 ({Black should try} 30... Na5 $1 $17 {[%cal Ra5b3]} 31. Ba2 Nc6) 31. Rc2 $11 Ba6 32. Nf1 Qb4 33. Bxc4 bxc4 34. Ne3 Qb7 35. Nxc4 (35. Nd5 $14 Bg7 36. Qg5) 35... Qxe4 36. Ne3 {Rc6 is the strong threat.} Bb7 37. Rc4 (37. Ng4 $5 {[%cal Rg4f6]} Bg7 38. Rd2 $15) 37... Qd3 38. Rc3 Qe2 39. Rc2 Qa6 40. Nd2 Bg5 41. Ndc4 Qe6 42. Rd2 Rc8 {Hoping for ...Bxe3.} 43. b3 h5 (43... Bxe3 $5 44. fxe3 Bd5 $17) 44. Qd1 Bxe3 45. Nxe3 Rc3 46. Rd3 Qc6 47. Rxc3 Qxc3 48. Qc2 Qe1+ 49. Kh2 Kg7 50. Nc4 Qf1 {[%csl Gb7][%cal Rf1g2]} 51. f3 {[#]} e4 $1 {[%mdl 512]} 52. Qc3+ (52. fxe4 Qf4+) 52... Kg8 {[%cal Re4f3]} 53. fxe4 Bxe4 {[%csl Ge4][%cal Rf1g2]} 54. Qd2 h4 $2 {[%mdl 8192]} (54... Qf6 $11) 55. Qd8+ $18 {White is clearly winning.} Kh7 56. Qxh4+ Kg7 57. Qxe4 {Precision: White = 50%, Black = 42%.} 1-0

[Event "27th Seacost Trophy 2017"]
[Site "Eforie Nord"]
[Date "2017.06.28"]
[Round "10"]
[White "Kharitonov, Alexandr"]
[Black "Nevednichy, Vladislav"]
[Result "1/2-1/2"]
[WhiteElo "2547"]
[BlackElo "2533"]
[Annotator "TA"]
[PlyCount "46"]
[EventDate "2017.??.??"]
[EventType "swiss"]
[EventCountry "ROU"]
[SourceTitle "playchess.com"]
[Source "ChessBase"]
[SourceQuality "1"]

{[%evp 26,27,14,17]} 1. d4 Nf6 2. c4 e6 3. Nc3 Bb4 4. Qc2 O-O 5. a3 Bxc3+ 6. Qxc3 b6 7. Bg5 h6 8. Bh4 Bb7 9. f3 d5 10. e3 Nbd7 11. cxd5 Nxd5 12. Bxd8 Nxc3 13. Bh4 Nd5 14. Bf2 {[#]} {Predecessor:} f5 $146 15. Bb5 c6 16. Bd3 e5 17. Ne2 Rae8 18. O-O exd4 19. Nxd4 Nxe3 20. Bxe3 Rxe3 21. Bxf5 Nf6 22. Rfe1 Rxe1+ 23. Rxe1 Rd8 {½-½ (32) L'Ami,E (2605)-Timman,J (2565) Amstelveen 2016} 1/2-1/2

[Event "27th Seacost Trophy 2017"]
[Site "Eforie Nord"]
[Date "2017.06.28"]
[Round "10"]
[White "Murariu, Andrei"]
[Black "Neagu, Liviu"]
[Result "1-0"]
[WhiteElo "2504"]
[BlackElo "2004"]
[Annotator "TA"]
[PlyCount "67"]
[EventDate "2017.??.??"]
[EventType "swiss"]
[EventCountry "ROU"]
[SourceTitle "playchess.com"]
[Source "ChessBase"]
[SourceQuality "1"]

{[%evp 12,67,20,11,55,64,62,59,110,89,153,152,164,145,187,174,149,156,221,139,166,172,245,239,238,215,298,241,364,319,299,245,387,395,393,383,577,544,763,743,988,982,3466,3129,4774,4702,29987,29972,29990,29982,29992,29992,29992,29993,29993,29994,29994,29995]} 1. e4 c5 2. Nf3 Nc6 3. c3 d5 4. exd5 Qxd5 5. d4 Bg4 6. dxc5 Qxd1+ 7. Kxd1 e5 {B22: Sicilian: 2 c3} 8. b4 $1 e4 (8... a5 9. b5 Na7 10. Be3 Ne7 11. Kc2 f6 12. a4 Nd5 13. c6 Bf5+ 14. Kc1 Nxe3 15. cxb7 {0-1 (78) Zhigalko,S (2678)-Al Modiahki,M (2549) Dubai 2014}) 9. h3 Bxf3+ (9... Be6 $14 10. Ng5 Bf5) 10. gxf3 $16 exf3 (10... a5 $142) 11. Kc2 Be7 $146 ({Predecessor:} 11... O-O-O 12. Bf4 Nge7 13. Nd2 Nd5 14. Bg3 g6 15. Rb1 {1-0 (58) Vajda,S (2360)-Raeva,E (2174) Plovdiv 2003}) 12. Bb5 O-O-O 13. Bxc6 bxc6 14. Nd2 Bf6 (14... Nf6 $16 {might work better.} 15. Nxf3 Rde8) 15. Nxf3 Ne7 16. Bg5 Nd5 (16... Bxg5 $142 17. Nxg5 Rdf8) 17. Bxf6 $18 gxf6 18. Rae1 Rhe8 19. a4 Kc7 (19... Kb7 $142 20. Rhg1 Rxe1 21. Rxe1 h5) 20. Rhg1 Rxe1 21. Rxe1 {[%mdl 4096] Endgame KRN-KRN} Rg8 (21... Nf4 $142 22. Nd4 a6) 22. Kb3 Kd7 23. b5 Rg2 (23... Nf4 {was necessary.} 24. Rd1+ Kc8) 24. Nd4 cxb5 25. axb5 {[%cal Ba4b5,Bb5b6][%mdl 32]} Rxf2 26. Ra1 Rh2 27. Rxa7+ Kc8 28. b6 Rxh3 29. Nb5 {White mates.} f5 30. Rxf7 Kb8 31. c6 {[%cal Rf7f8,Bc5c6,Bc6c7][%mdl 32]} Nxb6 32. Rb7+ Kc8 33. Nd6+ Kd8 34. c7+ {Precision: White = 97%, Black = 29%.} 1-0